| 000 | 00660nam a2200193 i 4500 | ||
|---|---|---|---|
| 001 | 104122 | ||
| 003 | ES-MaACL | ||
| 005 | 20250626063152.0 | ||
| 007 | t| | ||
| 008 | 051123s1925 fr ||||1| fre d | ||
| 100 | 1 |
_aMichaelis, Leonor, _d1875-1949 _980860 |
|
| 245 | 1 | 0 |
_aManuel de Techniques de Physico-Chimie et spécialement de Chimie des Colloïdes... / _cLeonor Michaelis; traduction par H. Chabanier... et C. Lobo-Onell... |
| 260 |
_aParis : _bMasson et Cie., _c1925. |
||
| 300 |
_a204 p. : _bil. ; _c23 cm. |
||
| 700 | 1 |
_aChabanier, H. _937716 |
|
| 700 | 1 |
_aLobo-Onell, C. _973027 |
|
| 852 |
_aES-MaACL _jB-2309 |
||
| 999 |
_c104122 _d104122 |
||